| 000 -ლიდერი |
| ფიქსირებული სიგრძის საკონტროლო ველი |
01211nam a22002177a 4500 |
| 003 - საკონტროლო ნომრის იდენტიფიკატორი |
| საკონტროლო ველი |
Ge_BSU |
| 005 - ბოლო ოპერაციის თარიღი და დრო |
| საკონტროლო ველი |
20230703154118.0 |
| 008 - ფიქსირებული სიგრძის მონაცემთა ელემენტები - ზოგადი ინფორმაცია |
| ფიქსირებული სიგრძის საკონტროლო ველი |
230703s2009ge xxu||||| |||| 00| 0 geo d |
| 020 ## - წიგნის საერთაშორისო სტანდარტული ნომერი |
| International Standard Book Number |
9789994098071 |
| 041 ## - ენის კოდი |
| Language code of text/sound track or separate title |
geo |
| 080 ## - უნივერსალური ათობითი კლასიფიკაციის ინდექსი |
| Universal Decimal Classification number |
903.5 (479.22) ბ-91 |
| 100 ## - მთავარი ჩანაწერი - პიროვნების სახელი |
| Personal name |
ბრაუნდი, დევიდ |
| 9 (RLIN) |
19146 |
| 245 ## - ცნობა სათაურის შესახებ |
| Title |
საგანძური ზღუდერიდან (საქართველო) = The treasures of Zghuderi (Georgia) : |
| Remainder of title |
ელიტარული სამარხები კავკასიის იბერიიდან რომაულ ხანაში (ახ.წ.200-250) / |
| Statement of responsibility, etc |
დევიდ ბრაუნდი, ქეთევან ჯავახიშვილი, გურამ ნემსაძე ; |
| 264 ## - წარმოების, გამოცემის, დისტრიბუციის და სხვა ცნობები |
| გამოცემის, წარმოების, დისტრიბუციის... ადგილი |
თბილისი, |
| გამოცემის, წარმოების, დისტრიბუციის... თარიღი |
2009. |
| 300 ## - ფიზიკური აღწერა |
| Extent |
99 გვ. ; |
| Other physical details |
ილ. |
| 653 ## - INDEX TERM--UNCONTROLLED |
| Uncontrolled term |
სამარხები საქართველოში |
| 700 ## - ADDED ENTRY--PERSONAL NAME |
| Personal name |
ჯავახიშვილი, ქეთევან |
| 9 (RLIN) |
19147 |
| 700 ## - ADDED ENTRY--PERSONAL NAME |
| Personal name |
ნემსაძე, გურამი |
| 9 (RLIN) |
19148 |
| 710 ## - ADDED ENTRY--CORPORATE NAME |
| Corporate name or jurisdiction name as entry element |
საქართველოს ეროვნული მუზეუმი |
| 9 (RLIN) |
19149 |
| 942 ## - ADDED ENTRY ELEMENTS (KOHA) |
| Source of classification or shelving scheme |
|
| Koha item type |
წიგნი |